[Event "Novi Sad TS 222nd"]
[Site "Novi Sad"]
[Date "2021.11.17"]
[Round "2.1"]
[White "Shivika, Rohilla"]
[Black "Dokic, Zoran"]
[Result "1/2-1/2"]
[WhiteElo "2011"]
[BlackElo "1996"]
[PlyCount "105"]
[EventDate "2021.11.16"]
[EventType "schev"]
[EventRounds "10"]
[EventCountry "SRB"]
[SourceTitle "EXT 2023"]
[Source "ChessBase"]
[SourceDate "2022.10.05"]
[SourceVersion "1"]
[SourceVersionDate "2022.10.05"]
[SourceQuality "1"]
[WhiteTeam "Team B"]
[BlackTeam "Team A"]
[WhiteTeamCountry "SRB"]
[BlackTeamCountry "SRB"]

1. d4 Nf6 2. c4 g6 3. f3 Bg7 4. e4 d6 5. Nc3 0-0 6. Nge2 c6 7. Be3 Nbd7 8. Qd2 a6 9. a4 e5 10. d5 Nc5 11. Nc1 a5 12. Bxc5 dxc5 13. Nd3 cxd5 14. cxd5 b6 15. Be2 Ne8 16. Nb5 Qh4+ 17. g3 Qe7 18. Nf2 Nd6 19. Nd1 f5 20. Nxd6 Qxd6 21. Nc3 fxe4 22. Nxe4 Qd8 23. 0-0 Ra7 24. Bc4 Kh8 25. d6 Bh3 26. Rf2 Bf5 27. Rd1 h6 28. Qe3 Kh7 29. b3 Rd7 30. Bb5 Rdf7 31. Rd3 g5 32. Bc4 Rd7 33. Rfd2 g4 34. Rf2 gxf3 35. Rxf3 Kh8 36. Rxf5 Rxf5 37. Be6 Rf8 38. Bxd7 Qxd7 39. Rd2 Qe6 40. Rf2 Rd8 41. Kg2 Rd7 42. Qd3 Qg6 43. Qd5 Kh7 44. h4 Qg4 45. Qd3 Kh8 46. Nf6 Bxf6 47. Rxf6 Kg7 48. Rf2 Qd4 49. Qf5 Qxd6 50. Qg4+ Kh7 51. Qe4+ Kg7 52. Qg4+ Kh7 53. Qe4+ 1/2-1/2

[Event "Novi Sad/Vukovar"]
[Site "Novi Sad/Vukovar"]
[Date "2013.05.30"]
[Round "7"]
[White "Dokic, Zoran"]
[Black "Pucovski, Miroslav"]
[Result "1/2-1/2"]
[WhiteElo "2224"]
[BlackElo "2294"]
[PlyCount "23"]
[EventDate "2013.05.26"]
[EventType "tourn"]
[EventRounds "9"]
[EventCountry "SRB"]
[EventCategory "4"]
[SourceTitle "CBM 154 Extra"]
[Source "ChessBase"]
[SourceDate "2013.06.25"]
[SourceVersion "2"]
[SourceVersionDate "2013.06.25"]
[SourceQuality "1"]

1. Nf3 d5 2. g3 Bg4 3. Bg2 c6 4. 0-0 Nd7 5. d3 e6 6. Nbd2 Bd6 7. b3 Ngf6 8. Bb2 0-0 9. c4 a5 10. a3 Qb8 11. Qc2 b5 12. Rfc1 1/2-1/2

[Event "Novi Sad/Vukovar"]
[Site "Novi Sad/Vukovar"]
[Date "2013.05.27"]
[Round "3"]
[White "Drazic, Sinisa"]
[Black "Dokic, Zoran"]
[Result "1-0"]
[WhiteElo "2468"]
[BlackElo "2224"]
[PlyCount "83"]
[EventDate "2013.05.26"]
[EventType "tourn"]
[EventRounds "9"]
[EventCountry "SRB"]
[EventCategory "4"]
[SourceTitle "CBM 154 Extra"]
[Source "ChessBase"]
[SourceDate "2013.06.25"]
[SourceVersion "2"]
[SourceVersionDate "2013.06.25"]
[SourceQuality "1"]

1. e4 c5 2. Nf3 d6 3. Bb5+ Bd7 4. a4 Nc6 5. 0-0 Nf6 6. Re1 e6 7. c3 a6 8. Bf1 Be7 9. Na3 0-0 10. h3 Re8 11. Nc4 Nxe4 12. Rxe4 d5 13. Re1 dxc4 14. Bxc4 Na5 15. Ba2 c4 16. d3 b5 17. Ne5 Bf6 18. dxc4 Bxe5 19. Rxe5 bxa4 20. Be3 Nc6 21. Rc5 Ne7 22. Bb1 Bc6 23. Qxd8 Rexd8 24. Bc2 Rab8 25. Ra2 f6 26. f3 Rd6 27. Ra5 Be8 28. c5 Rdd8 29. Rxa6 Nd5 30. Kf2 Bb5 31. Rxe6 Bc4 32. Rxa4 Nxe3 33. Rxe3 Rd2+ 34. Kg3 Bf1 35. Be4 Rxg2+ 36. Kf4 Rgxb2 37. h4 R2b5 38. Re1 Bh3 39. c6 Rc5 40. c4 Be6 41. Bxh7+ Kf7 42. Ra7+ 1-0

[Event "Erba op 6th"]
[Site "Erba"]
[Date "2012.03.10"]
[Round "2"]
[White "Dokic, Zoran"]
[Black "Moroni, Luca Jr"]
[Result "0-1"]
[WhiteElo "2233"]
[BlackElo "2064"]
[PlyCount "75"]
[EventDate "2012.03.09"]
[EventType "swiss"]
[EventRounds "5"]
[EventCountry "ITA"]
[SourceTitle "EXT 2013"]
[Source "ChessBase"]
[SourceDate "2012.11.22"]
[SourceVersion "1"]
[SourceVersionDate "2012.11.22"]
[SourceQuality "1"]

1. g3 d5 2. Bg2 Nf6 3. c4 e6 4. Nf3 Be7 5. b3 0-0 6. 0-0 Ne4 7. Bb2 Bf6 8. Ne5 Nd7 9. f4 Nxe5 10. fxe5 Bg5 11. Qc2 Rb8 12. Kh1 b6 13. d3 Nc5 14. b4 Na6 15. a3 Bb7 16. c5 Qd7 17. d4 bxc5 18. bxc5 c6 19. Nd2 Nc7 20. Nb3 Ba6 21. Rfd1 f5 22. Bc1 Bxc1 23. Raxc1 f4 24. Na5 fxg3 25. hxg3 Rf2 26. Rd2 Rbf8 27. e4 Rxd2 28. Qxd2 Qe8 29. Kg1 Qg6 30. Nxc6 Qxg3 31. Ne7+ Kh8 32. exd5 exd5 33. Re1 h5 34. a4 Bc4 35. Rc1 h4 36. Rxc4 dxc4 37. Qc2 Qe1+ 38. Kh2 0-1

[Event "Novi Sad Januar"]
[Site "Novi Sad"]
[Date "2009.01.10"]
[Round "3"]
[White "Vuckovic, Dejan"]
[Black "Dokic, Zoran"]
[Result "0-1"]
[WhiteElo "2039"]
[BlackElo "2219"]
[PlyCount "80"]
[EventDate "2009.01.10"]
[EventType "swiss"]
[EventRounds "5"]
[EventCountry "SRB"]
[SourceTitle "EXT 2019"]
[Source "ChessBase"]
[SourceDate "2018.10.10"]
[SourceVersion "1"]
[SourceVersionDate "2018.10.10"]
[SourceQuality "1"]

1. d4 Nf6 2. c3 g6 3. Nf3 Bg7 4. Bg5 Ne4 5. Bf4 d5 6. h3 0-0 7. e3 c5 8. Be2 Nc6 9. 0-0 f6 10. Nfd2 Nxd2 11. Nxd2 e5 12. dxe5 fxe5 13. Bg3 Be6 14. Bg4 Bf7 15. h4 Qe7 16. Rc1 Rad8 17. Be2 h5 18. Nf3 Bf6 19. Bb5 e4 20. Ng5 Bxg5 21. hxg5 Qxg5 22. Bf4 Qe7 23. Qa4 g5 24. Bh2 Be8 25. Bxc6 bxc6 26. a3 c4 27. b4 h4 28. Qd1 Qe6 29. Qd4 Rf5 30. a4 Bh5 31. Qxa7 h3 32. Qc7 Rd7 33. Qb8+ Kh7 34. Qg3 hxg2 35. Kxg2 Bf3+ 36. Kg1 Kg6 37. a5 Rh7 38. a6 Rff7 39. Ra1 Rxh2 40. Qxh2 Qg4+ 0-1

[Event "Vojvodina-chT"]
[Site "Pancevo"]
[Date "2005.10.06"]
[Round "6"]
[White "Dokic, Zoran"]
[Black "Pezelj, Novak"]
[Result "1-0"]
[WhiteElo "2202"]
[BlackElo "2333"]
[PlyCount "45"]
[EventDate "2005.10.03"]
[EventType "team"]
[EventRounds "9"]
[EventCountry "YUG"]
[SourceTitle "CBM 108 Extra"]
[Source "ChessBase"]
[SourceDate "2005.11.04"]
[SourceVersion "1"]
[SourceVersionDate "2005.11.04"]
[SourceQuality "1"]

1. d4 d6 2. e4 Nf6 3. Nc3 g6 4. Bg5 c6 5. Be2 Bg7 6. Qd2 h6 7. Bf4 b5 8. a3 a6 9. h4 Qb6 10. e5 dxe5 11. dxe5 Ng4 12. Bxg4 Bxg4 13. f3 Be6 14. Nge2 c5 15. Qe3 Nd7 16. Bg3 Qc7 17. f4 Qc6 18. h5 b4 19. axb4 Rb8 20. hxg6 fxg6 21. bxc5 Rxb2 22. 0-0 0-0 23. Nd4 1-0

[Event "YUG Cup"]
[Site "Ulcinj"]
[Date "1998.??.??"]
[Round "4"]
[White "Dokic, Zoran"]
[Black "Draskovic, Dragan"]
[Result "1/2-1/2"]
[WhiteElo "2190"]
[BlackElo "2220"]
[PlyCount "96"]
[EventDate "1998.??.??"]
[EventType "team"]
[EventRounds "7"]
[EventCountry "YUG"]
[SourceTitle "EXT 1999"]
[Source "ChessBase"]
[SourceDate "1998.11.16"]
[SourceVersion "1"]
[SourceVersionDate "1998.11.16"]
[SourceQuality "1"]

1. g3 g6 2. Bg2 f5 3. d4 Nf6 4. Nc3 d5 5. Bg5 c6 6. h4 Bg7 7. Qd2 h6 8. Bf4 Be6 9. Nf3 Nbd7 10. Ne5 Nxe5 11. Bxe5 Qa5 12. 0-0-0 0-0 13. Kb1 b5 14. Bxf6 exf6 15. e3 Rfe8 16. Ne2 Qxd2 17. Rxd2 Bf8 18. Nf4 Bf7 19. Bf1 Bd6 20. Bd3 h5 21. c3 a5 22. Rc1 a4 23. Rdc2 Ra7 24. Rd1 Kg7 25. Kc1 Rae7 26. Rh1 Rc8 27. Kd2 Ra8 28. Rcc1 Rae8 29. b3 axb3 30. axb3 Ra8 31. Rc2 Rea7 32. Ne2 Ra3 33. b4 Rb3 34. Nc1 Rb1 35. Rd1 Raa1 36. Be2 g5 37. Nd3 Rxd1+ 38. Bxd1 Bg6 39. f4 g4 40. Nc1 Ra8 41. Ra2 Rxa2+ 42. Nxa2 Be8 43. Bc2 Bd7 44. Nc1 Kf7 45. Nb3 Ke6 46. Nc5+ Bxc5 47. bxc5 Ke7 48. Bd3 Kd8 1/2-1/2